000
00326nam a2200133Ia 4500
008
191014s9999 xx 000 0 und d
020
_a
978-1-545-42322-6
082
_a
620
_b
NOV
100
_a
Kyle Novak
_9
20467
245
0
_a
Numerical Methods for Scientific Computing
260
_c
2017
300
_a
X,449
942
_c
BK
999
_c
531053
_d
531053